000 00620nam a2200217 a 4500
999 _c1017
_d1017
001 1017
003 BD-JhCC
005 20171015170447.0
008 171012s bg |||| ||a| 000 0 ben d
035 _a(BD-JhCC)1017
040 _aBD-JhCC
_dBD-JhCC
041 _aben
082 _a891.443
_bBAN
100 _aবন্দোপাধ্যায়, তারশঙ্কর
245 _aশক্কর বাঈ /
_cতারশঙ্কর বন্দোপাধ্যায়,
260 _aঢাকা :
300 _a211 p.;
_c22 cm.
650 _aBengali Novel
942 _2ddc
_cBK